| 000 | 00941nam a2200241 i 4500 | ||
|---|---|---|---|
| 001 | bg | ||
| 100 | 1 | _aDahlhaus, Barbara. | |
| 245 | 0 | 0 |
_aFertigkeit Hören / _cBarbara Dahlhaus. |
| 260 |
_aBerlin [etc.] : _bLangenscheidt ; _c2006. |
||
| 300 |
_a189 s. : _bil. ; _c30 cm. |
||
| 490 | 1 |
_aFernstudienprojekt zur Fort- und Weiterbildung im Bereich Germanistik und Deutsch als Fremdsprache. _pTeilbereich Deutsch als Fremdsprache _vFernstudieneinheit 5, |
|
| 650 | 9 |
_aJęzyk niemiecki _xnauczanie |
|
| 655 | _aPodręczniki | ||
| 830 |
_aFernstudienprojekt zur Fort- und Weiterbildung im Bereich Germanistik und Deutsch als Fremdsprache. _pTeilbereich Deutsch als Fremdsprache |
||
| 020 | _a9783468496752 | ||
| 040 | _cBPK | ||
| 041 | 0 | _ager | |
| 044 | _aDEU | ||
| 080 | _a811.112.2:37.091.3](072) | ||
| 942 | _cKS | ||
| 008 | s pl f |000 0 pol | ||
| 999 |
_c54362 _d54362 |
||
| 856 |
_uhttp://koha.tu.koszalin.pl/cgi-bin/koha/opac-detail.pl?biblionumber=54362 _yKatalog online BPK |
||